Bilecik Bilecik Bilecik Bilecik Bilecik

Yağmur akşamları/ (Record no. 43807)

MARC details
000 -BAŞLIK
Sabit Uzunluktaki Kontrol Alanı 01379nam a22004097a 4500
001 - KONTROL NUMARASI
Control Dosyası 0044002
003 - KONTROL NUMARASI KİMLİĞİ
Kontrol Alanı KOHA_MİRAKIL
005 - EN SON İŞLEM TARİHİ ve ZAMANI
Kontrol Alanı 20260207003409.0
007 - FİZİKSEL TANIM SABİT ALAN - GENEL BİLGİ
Sabit uzunluklu kontrol alanı ta
008 - SABİT UZUNLUKTAKİ VERİ ÖGELERİ - GENEL BİLGİ
Sabit Alan 130730b2011 tu |||gr||||#0|||1|tur |
020 ## - ISBN - ULUSLARARASI STANDART KİTAP NUMARASI
Isbn 9789752898790
040 ## - KATALOGLAMA KAYNAĞI
Özgün Kataloglama Kurumu TR-BiSEU
Kataloglama Dili tur
Çeviri Kurumu TR-BiSEU
Açıklama Kuralları rda
041 0# - DİL KODU
Metin ya da ses kaydının dil kodu tur
044 ## - YAYINLAYAN/ÜRETEN KURULUŞUN ÜLKE KODU
ISO country code tu
050 ## - SINIFLAMA ve YER NUMARASI
Sınıflama Numarası PL245.I44
Yer Numarası Y34 2011
100 1# - KİŞİ ADI
Yazar Adı (Kişi adı) İleri, Selim.
245 1# - ESER ADI BİLDİRİMİ
Başlık Yağmur akşamları/
Sorumluluk Bildirimi Selim İleri ; Selim İleri.
250 ## - BASIM BİLDİRİMİ
Basım Bildirimi 2. basım
264 #1 - ÜRERİM, YAYIN, DAĞITIM ve TELİF BİLDİRİMİ
Yayın yeri İstanbul :
Yayınlayan Everest Yayınları
Yayın tarihi 2011
300 ## - FİZİKSEL TANIMLAMA
Sayfa, Cilt vb. 151 sayfa ;20 cm.
336 ## - İÇERİK TÜRÜ
Content type term metin
Content type code txt
Source rdacontent
337 ## - MEDYA TÜRÜ
Media type term aracısız
Media type code n
Source rdamedia
338 ## - TAŞIYICI TÜRÜ
Carrier type term cilt
Carrier type code nc
Source rdacarrier
490 1# - DİZİ BİLDİRİMİ
Dizi Bildirimi Everest ;939.
490 1# - DİZİ BİLDİRİMİ
Dizi Bildirimi Türçe edebiyat 325
500 ## - GENEL NOT
Genel Not Ve gelsin ve geçsin bütün sözlerim
500 ## - GENEL NOT
Genel Not Gelsin ve geçsin.
500 ## - GENEL NOT
Genel Not Edip Cansever
505 ## - İÇİNDEKİLER NOTU
İçindekiler Notu Mahpes 3
650 #0 - KONU BAŞLIĞI EK GİRİŞ - KONU TERİMİ
Konusal terim veya coğrafi ad Türk edebiyatı--Hikayeler.
9 (RLIN) 44515
650 #0 - KONU BAŞLIĞI EK GİRİŞ - KONU TERİMİ
Konusal terim veya coğrafi ad Türk Edebiyatı--öyküler.
9 (RLIN) 82027
650 #0 - KONU BAŞLIĞI EK GİRİŞ - KONU TERİMİ
Konusal terim veya coğrafi ad Turkish literature--Short stories.
9 (RLIN) 22144
830 1# - SERİ EK GİRİŞİ - TEKBİÇİM ESER ADI
Tekbiçim Başlık Everest ;939.
9 (RLIN) 82028
830 1# - SERİ EK GİRİŞİ - TEKBİÇİM ESER ADI
Tekbiçim Başlık Türçe edebiyat 325
9 (RLIN) 82029
907 ## - LOCAL DATA ELEMENT G, LDG (RLIN)
a Hikaye
942 ## - EK GİRİŞ ÖGELERİ (KOHA)
Source of classification or shelving scheme Library of Congress Classification
Koha item type Book
505 ## - İÇİNDEKİLER NOTU
-- Son sayı 15
-- Nerval diye biri 20
-- Gökyüzü yıldızlarla dolu 32
-- Kirazlar olduğu vakit 49
-- Gündüzün bir kadeh konyak 63
-- Yağmur akşamları 84
-- Şark ve garp, Ne şark ne garp 104
--
Holdings
Materyal Türü Kalıcı Konum Mevcut Konum Raf Yeri Sınıflandırma Kaynağı Edinim Bilgisi Ana Konular Alt Konular Yer Numarası Demirbaş Numarası Fatura Tarihi Maliyet, Alış Fiyatı Maliyet, Yenileme Fiyatı Geri Çekilme Durumu Kayıp Durumu Hasarlı Durumu Kredi için değil Kayıt Tarih Toplam Ödünçverme Son Görülme Tarihi Son Kontrol Tarihi Satın Alma Notu
Book Prof. Dr. Azmi Özcan Kütüphanesi Prof. Dr. Azmi Özcan Kütüphanesi Birûni Salonu Library of Congress Classification Satın DİL VE EDEBİYAT Doğu Asya, Afrika, Okyanusya Dilleri ve Edebiyatları PL245.I44 Y34 2011 0044002 24/09/2013 7.73 7.73         30/07/2013 9 05/12/2024 05/12/2024 73291-73383 (92 sayfa)